000 00865nam a2200265Ia 4500
003 OSt
005 20220930091313.0
006 a|||||r|||| 00| 0
007 ta
008 220926b |||||||| |||| 00| 0 eng d
024 _a5125
037 _cTheses
040 _aCRL
_cCRL
_beng
041 _2eng
_aeng
100 _aMeena Sangeeta
_9545272
110 _aUniversity of Delhi. Faculty of Medical Sciences. Department of Medicine
245 0 _aEvaluation of clinical signs of severe illness in infants 0-2 months of age
260 _c2012
650 _aCHILDREN - DISEASES
700 _a Dr. A. K. Dutta Gu.
_9536125
700 _a Dr. Harish Pemde Gu.
700 _aUniversity of Delhi. Faculty of Medical Sciences. Department of Medicine
942 _cDIS
_2CC
999 _c881913
_d881913